LIBRARY & INFORMATION CENTRE, KCAET, TAVANUR

ONLINE PUBLIC ACCESS CATALOGUE (OPAC)

Functions of a complex variable / (Record no. 2930)

MARC details
000 -LEADER
fixed length control field 00444cam a2200181ua 4500
041 ## - LANGUAGE CODE
Language code of text/sound track or separate title eng
082 ## - DEWEY DECIMAL CLASSIFICATION NUMBER
Classification number 515.9
Item number SHA/FU
100 ## - MAIN ENTRY--AUTHOR NAME
Personal name Sharma, J N .
245 ## - TITLE STATEMENT
Title Functions of a complex variable /
250 ## - EDITION STATEMENT
Edition statement 25 /
260 ## - PUBLICATION, DISTRIBUTION, ETC. (IMPRINT)
Place of publication Meerut :
Name of publisher Krishna Prakashan Mandir ,
Year of publication 1993.
300 ## - PHYSICAL DESCRIPTION
Number of Pages 582 ; .
942 ## - ADDED ENTRY ELEMENTS (KOHA)
Koha item type Books
Holdings
Withdrawn status Lost status Damaged status Home library Current library Date acquired Full call number Accession Number Koha item type
      KAUAET KAUAET 07/04/2012 515.9 SHA/FU 18595 Books
free website counter